Countryside to open up for recreation (Record no. 71673)

MARC details
000 -LEADER
fixed length control field 00914cam a2200193 4500
001 - CONTROL NUMBER
control field WB3844-20
008 - FIXED-LENGTH DATA ELEMENTS--GENERAL INFORMATION
fixed length control field 021128n2002 000 0 eng u
035 ## - SYSTEM CONTROL NUMBER
System control number (Sirsi) u120618
245 ## - TITLE STATEMENT
Title Countryside to open up for recreation
260 ## - PUBLICATION, DISTRIBUTION, ETC.
Date of publication, distribution, etc. 2002
490 ## - SERIES STATEMENT
Series statement DEFRA News Release
Volume/sequential designation (489/02) 28 November 2002, (2)
520 ## - SUMMARY, ETC.
Summary, etc. Rural affairs minister has announced of Countryside and Rights of Way Act 2000 Part 1 is to be introduced region by region to give walkers right of access to open countryside and registered common land in a rolling programme. All areas affected will be accessible by end of 2005. Further information is available from t +44 (0)845 100 3298 or www.countryside.gov.uk/access/mapping www.defra.gov.uk/news/2002/021128e.htm
590 ## - LOCAL NOTE (RLIN)
Local note WB
650 ## - SUBJECT ADDED ENTRY--TOPICAL TERM
Topical term or geographic name entry element COUNTRYSIDE AND RIGHTS OF WAY ACT 2000
650 ## - SUBJECT ADDED ENTRY--TOPICAL TERM
Topical term or geographic name entry element OPEN LAND
650 ## - SUBJECT ADDED ENTRY--TOPICAL TERM
Topical term or geographic name entry element COMMON LAND
690 ## - LOCAL SUBJECT ADDED ENTRY--TOPICAL TERM (OCLC, RLIN)
Topical term or geographic name as entry element Rural
9 (RLIN) 6268
942 ## - ADDED ENTRY ELEMENTS (KOHA)
Suppress in OPAC 0
Holdings
Withdrawn status Lost status Source of classification or shelving scheme Damaged status Not for loan Home library Current library Shelving location Date acquired Total Checkouts Full call number Barcode Date last seen Copy number Price effective from Koha item type
    Dewey Decimal Classification     London London News article 28/11/2002   WB3844-20 120618-1001 06/08/2019 1 06/08/2019 News article